Δήμοι της Στερεάς Ελλάδας με Χάρτη - Statistics

General Stats
  • This quiz has been taken 8 times
  • The average score is 16 of 25
Answers on the Map
Answers color-coded by a green-red scale on the quiz's map according to % correct below.
 
Answer Stats
Δήμος % Correct
Ιστιαίας-Αιδηψού
100%
Καρπενησίου
100%
Λαμιέων
100%
Χαλκιδέων
100%
Δομοκού
80%
Θηβαίων
80%
Καρύστου
80%
Κύμης-Αλιβερίου
80%
Λεβαδέων
80%
Στυλίδος
80%
Αγράφων
60%
Δελφών
60%
Ερέτριας
60%
Καμένων Βούρλων
60%
Μακρακώμης
60%
Μαντουδίου-Λίμνης-Αγίας Άννας
60%
Σκύρου
60%
Αλιάρτου
40%
Αμφίκλειας-Ελάτειας
40%
Διρφύων-Μεσσαπίων
40%
Διστόμου-Αράχοβας-Αντικύρας
40%
Ορχομενού
40%
Δωρίδος
20%
Λοκρών
20%
Τανάγρας
20%
No matching quizzes found
Score Distribution
Percent of People with Each Score
Percentile by Number Answered
Your Score History
You have not taken this quiz